000 01596cam a22004455i 4500
001 data
005 20260322212101.0
008 data
035 _a22644634
906 _a0
_bibc
_ccopycat
_d2
_encip
_f20
_gy-gencatlg
925 0 _aacquire
_b1 shelf copy
_xpolicy default
010 _a 2022940586
020 _a9789811263194
_qhardback
020 _a9811263191
_qhardback
020 _a9789811263781
020 _a9811263787
035 _a(OCoLC)1348631836
040 _aSINLB
_beng
_erda
_cSINLB
_dDLC
_dYDX
_dEYE
_dDLC
042 _alccopycat
082 0 4 _a615.5
_223
097 0 0 _aR733
_b.H66 2023
100 1 _aHong, Hai,
_d1943-
_eauthor.
245 1 0 _aChinese medicine for health :
_bholistic healing, inner harmony and herbal recipes /
_cHong Hai, Karen Wee, Soh Shan Bin.
264 1 _aSingapore :
_bWorld Scientific Publishing Company Pte Ltd,
_c[2023]
264 4 _c©2023
300 _axviii, 267 pages :
_billustrations ;
_c24 cm
336 _atext
_btxt
_2rdacontent
337 _aunmediated
_bn
_2rdamedia
338 _avolume
_bnc
_2rdacarrier
504 _aIncludes bibliographies and index.
650 0 _aHolistic medicine.
650 0 _aMedicine, Chinese.
650 0 _aAlternative medicine.
650 7 _aAlternative medicine.
_2fast
_0(OCoLC)fst00806153
650 7 _aHolistic medicine.
_2fast
_0(OCoLC)fst00958777
650 7 _aMedicine, Chinese.
_2fast
_0(OCoLC)fst01015214
700 1 _aWee, Karen,
_eauthor.
700 1 _aSoh, Shan Bin,
_eauthor.
999 _c1461
_d1461